000 00620nam a2200265Ia 4500
005 20260121170208.0
008 008 260114s9999 xx 000 0 eng d
020 _a9783658198268
037 _aEBOOK
040 _aCRL
040 _beng
040 _cCRL
041 _2eng
041 _aeng
084 _qCRL
100 _aMira Menzfeld
_91060963
245 0 _aAnthropology of Dying
260 _bSpringer
260 _bSpringer
260 _c2018
856 _uhttps://link.springer.com/openurl?genre=book&isbn=978-3-658-19826-8
942 _cEBOOK
999 _c1626692
_d1626692